000 01248cam a2200337 i 4500
001 28016
003 Mx-PuUPA
005 20250409125131.0
008 140415s2014 mx ad grl 000 0 spa d
020 _a9786078384129
040 _cMx-PuUPA
_aMx-PuUPA
_bspa
_dMx-PuUPA
_erda
041 0 _aspa
110 1 _aMexico.
_bServicio de Administración Tributaria
_916752
_eautor
245 1 0 _aGuía de estudio para la asignatura :
_bformación e información tributaria /
_cSAT
250 _a7a. edición /
_boctubre
264 1 _aMéxico, D. F. :
_bServicio de Administración Tributaria,
_c©2014
300 _a253 páginas :
_bilustraciones, gráficas ;
_c28 cm
336 _2rdacontent
_atexto
_btxt
337 _2rdamedia
_asin medio
_bn
338 _2rdacarrier
_avolumen
_bnc
490 0 _aFiscal
650 7 _2armarc
_913986
_aDerecho fiscal
_zMéxico
650 7 _2armarc
_aImpuestos
_zMéxico
_vLegislación
650 7 _2armarc
_aContadores
_xÉtica profesional
650 7 _2armarc
_aAdministración y procedimiento de impuestos
_zMéxico
942 _2ddc
_cLI
_h336.2
_iG43
999 _c28016
_d28016